Probleme din gazeta matematica : editie selectiva si metodologica
Αποθηκεύτηκε σε:
| Κύριος συγγραφέας: | |
|---|---|
| Άλλοι συγγραφείς: | , |
| Μορφή: | Βιβλίο |
| Γλώσσα: | Romanian |
| Δημοσίευση: |
Bucuresti :
Editura Tehnica,
1984
|
| Θέματα: | |
| Ετικέτες: |
Προσθήκη ετικέτας
Δεν υπάρχουν, Καταχωρήστε ετικέτα πρώτοι!
|
MARC
| LEADER | 00000cam a2200000 a 4500 | ||
|---|---|---|---|
| 001 | 1/106672 | ||
| 008 | 150602s1984####rm | ||| |||| ||rum|| | ||
| 040 | |a GR-MyUa |b gre |c GR-MyUa |e AACR2 | ||
| 041 | 1 | |a rum | |
| 082 | 7 | |a 512 |2 (23) | |
| 100 | 1 | |a Teodorescu, Horia-Nicolai. | |
| 245 | 1 | 0 | |a Probleme din gazeta matematica : |b editie selectiva si metodologica / |c Nicolae Teodorescu...[κ.ά.] |
| 260 | |a Bucuresti : |b Editura Tehnica, |c 1984 | ||
| 300 | |a 544 σ. : |c 21 εκ. | ||
| 650 | 0 | |a Mathematics. | |
| 700 | 1 | |a Constantinescu, Alexandru. | |
| 700 | 1 | |a Mihai, Mihaela. | |
| 852 | |a INST |b SAMOS |c MAG |e 20150602 |h 512 TEO |p 005300034937 |q 005300034937 |t BK |y 0 | ||
| 970 | |a Σιτζίμη |b Γιασεμή |z 02/06/2015 | ||